Armenia First Level Subdivisions - Statistics

General Stats
  • This quiz has been taken 185 times
  • The average score is 5 of 11
Answer Stats
Marzer % Correct
Yerevan
98%
Ararat
61%
Lori
47%
Syunik
47%
Shirak
42%
Tavush
42%
Vayots Dzor
42%
Gegharkunik
41%
Aragatsotn
39%
Armavir
39%
Kotayk
38%
No matching quizzes found
Score Distribution
Percent of People with Each Score
Percentile by Number Answered
Your Score History
You have not taken this quiz